Справочник землеустроителя (Record no. 508125)
[ view plain ]
| 000 -LEADER | |
|---|---|
| fixed length control field | 00831nam a22002172i 4500 |
| 003 - CONTROL NUMBER IDENTIFIER | |
| control field | AM-YEHGA |
| 005 - DATE AND TIME OF LATEST TRANSACTION | |
| control field | 20250617163534.0 |
| 008 - FIXED-LENGTH DATA ELEMENTS--GENERAL INFORMATION | |
| fixed length control field | 160210s1961 ru ||||| |||||||| ||rus d |
| 040 ## - CATALOGING SOURCE | |
| Original cataloging agency | AM-YeHGA |
| 041 0# - LANGUAGE CODE | |
| Language code of text/sound track or separate title | rus |
| 044 ## - COUNTRY OF PUBLISHING/PRODUCING ENTITY CODE | |
| MARC country code | ru |
| 001 - CONTROL NUMBER | |
| control field | 1723274 |
| 090 ## - LOCALLY ASSIGNED LC-TYPE CALL NUMBER (OCLC); LOCAL CALL NUMBER (RLIN) | |
| -- | 511565 |
| 245 00 - TITLE STATEMENT | |
| Title | Справочник землеустроителя |
| Statement of responsibility, etc. | Под ред. С. А. Удачина и А. Т. Панфилова |
| 260 ## - PUBLICATION, DISTRIBUTION, ETC. | |
| Place of publication, distribution, etc. | Москва: |
| Name of publisher, distributor, etc. | Сельхозиздат, |
| Date of publication, distribution, etc. | 1961. |
| 300 ## - PHYSICAL DESCRIPTION | |
| Extent | 440 с., 1 л. карт. |
| Other physical details | ил. |
| Dimensions | 20 см |
| 500 ## - GENERAL NOTE | |
| General note | Авт. разделов: С. А. Удачин, Г. В. Чешихин, Е. И. Шустиков и др. |
| 650 #7 - SUBJECT ADDED ENTRY--TOPICAL TERM | |
| Topical term or geographic name entry element | Землеустройство - Справочники |
| 700 1# - ADDED ENTRY--PERSONAL NAME | |
| Personal name | Удачин, Сергей Александрович |
| Relator term | Редактор |
| 942 ## - ADDED ENTRY ELEMENTS (KOHA) | |
| Source of classification or shelving scheme | Universal Decimal Classification |
| Koha item type | Գրքեր / Books |
| Withdrawn status | Lost status | Source of classification or shelving scheme | Damaged status | Not for loan | Collection | Home library | Current library | Date acquired | Total checkouts | Full call number | Barcode | Date last seen | Price effective from | Koha item type | Public note |
|---|---|---|---|---|---|---|---|---|---|---|---|---|---|---|---|
| Universal Decimal Classification | General | Fundamental Scientific Library | Fundamental Scientific Library | 14/05/2021 | РII/51089 | FL0648013 | 14/05/2021 | 14/05/2021 | Գրքեր / Books | 30 Days Loan |
ՀՀ Գիտությունների ազգային ակադեմիայի հիմնարար գիտական գրադարան = Fundamental Scientific Library of NAS RA
All site content, except where otherwise noted, is licensed under a